000 00890nam a2200205 a 4500
001 000041459
005 20201002034916.0
008 131007s1996 sp ac 000 0 spa d
020 _a8400076028
040 _aDO-SdBNP
_bspa
_cBNPHU
082 _axxx
_bF725e
100 1 _aFormentín Ibáñez, Fausto
_968131
245 1 0 _aLa Escuela de Párvulos de Simancas :
_bun ensayo pedagógico de la Junta para Ampliación de Estudios /
_cJusto Formentín Ibáñez; María José Villegas Sanz.
260 _aMadrid :
_bCentro de Estudios Históricos, Consejo Superior de Investigaciones Científicas,
_c1996.
300 _aXI, 315 p. :
_bil. ;
_c21 cm.
500 _aIncluye datos biograficos del autor en la solapa de la cubierta.
500 _aIncluye referencias bibliográficas y notas al pie de páginas.
504 _aBibliografía: p. 297-315
700 1 2 _aVillegas Sanz, María José
_968132
999 _c40949
_d40949